[Event "Southern Alberta op"]
[Site "Calgary"]
[Date "2002.11.16"]
[Round "1"]
[White "Clark, Chris"]
[Black "Roy, Jim"]
[Result "0-1"]
[WhiteElo "1923"]
[BlackElo "1923"]
[PlyCount "44"]
[EventDate "2002.11.16"]
[EventType "swiss"]
[EventRounds "5"]
[EventCountry "CAN"]
[SourceTitle "EXT 2017"]
[Source "ChessBase"]
[SourceDate "2016.10.25"]
[SourceVersion "1"]
[SourceVersionDate "2016.10.25"]
[SourceQuality "1"]

1. d4 d5 2. Nf3 e6 3. e3 c5 4. dxc5 Bxc5 5. Bb5+ Bd7 6. Bxd7+ Nxd7 7. c4 dxc4 8. Qa4 Rc8 9. 0-0 Ngf6 10. Rd1 Nd5 11. Nc3 N5b6 12. Qxa7 Qc7 13. Nb5 Qc6 14. Nbd4 Qe4 15. Qa5 0-0 16. Qb5 Bd6 17. Bd2 Rc5 18. Ng5 Qg4 19. f4 Rxb5 20. Nxb5 Bc5 21. b4 cxb3 22. axb3 Qxf4 0-1